اردو غزل کا فکر یاتی منظر نامہ / (Record no. 197383)

MARC details
000 -LEADER
fixed length control field 00646nam a22001937a 4500
005 - DATE AND TIME OF LATEST TRANSACTION
control field 20230822152948.0
010 ## - LCCN (DPL NO)
LC control number UR-12156
020 ## - INTERNATIONAL STANDARD BOOK NUMBER
International Standard Book Number 9788119035649
Terms of availability 350.00
035 ## - SYSTEM CONTROL NUMBER
System control number U-10711
037 ## - SOURCE OF ACQUISITION
Source of stock number/acquisition DBAD/PUB
082 ## - DEWEY DECIMAL CLASSIFICATION NUMBER
Classification number 841
100 ## - MAIN ENTRY--PERSONAL NAME
Personal name یونس ڈار
245 ## - TITLE STATEMENT
Title اردو غزل کا فکر یاتی منظر نامہ /
Statement of responsibility, etc یونس ڈار
246 ## - VARYING FORM OF TITLE
Title proper/short title Urdu Ghazal ka Fikaryati Manzarnama /
Remainder of title by Younis Dar
260 ## - PUBLICATION, DISTRIBUTION, ETC. (IMPRINT)
Place of publication, distribution, etc New Delhi
Name of publisher, distributor, etc Educational Publishing House
Date of publication, distribution, etc 2023 ء
270 ## - ADDRESS
Address H.O. D1/16, Ansari Road, Darya Ganj
City New Delhi
Postal code 110002
300 ## - PHYSICAL DESCRIPTION
Extent 220 ص
Dimensions 23cm(Hb)
942 ## - ADDED ENTRY ELEMENTS (KOHA)
Source of classification or shelving scheme Dewey Decimal Classification
Item type Urdu Bks
Call number suffix ی و ن
Edition
Classification part 841
Holdings
Withdrawn status Lost status Not for loan Collection code Home library Current library Date acquired Source of acquisition Cost, normal purchase price Full call number Barcode Copy number Cost, replacement price Koha item type
      Non-fiction Kadipur Kadipur 22/08/2023 DBAD/PUB 350.00 841 ی و ن U-10711 1 350.00 Urdu Bks

© Delhi Public Library
Hit Counter
free hit counter